Statistics for NCAA Tournament Teams 2013

Click here to take the quiz!

General Stats

  • This quiz has been taken 3,453 times
  • The average score is 33 of 68

Answer Stats

RegionSeedTeam% Correct
Midwest2Duke
93%
South4Michigan
90%
South1Kansas
89%
South3Florida
88%
South8North Carolina
85%
Midwest1Louisville
84%
Midwest3Michigan State
84%
East1Indiana
83%
West1Gonzaga
81%
West2Ohio State
81%
Midwest12Oregon
73%
East2Miami
72%
East4Syracuse
72%
South6UCLA
72%
South2Georgetown
70%
West5Wisconsin
69%
South10Oklahoma
67%
West6Arizona
66%
West4Kansas State
65%
West3New Mexico
60%
Midwest5Oklahoma State
60%
East7Illinois
59%
East8NC State
58%
Midwest11Saint Mary's
57%
East6Butler
55%
East10Colorado
55%
West14Harvard
54%
South11Minnesota
54%
South9Villanova
53%
South5VCU
52%
West9Wichita State
52%
East3Marquette
51%
West10Iowa State
50%
Midwest9Missouri
50%
East5UNLV
50%
West8Pittsburgh
49%
West12Mississippi
48%
West7Notre Dame
46%
Midwest6Memphis
44%
Midwest7Creighton
42%
South15Florida Gulf Coast
42%
East12California
41%
Midwest4Saint Louis
41%
Midwest8Colorado State
39%
South7San Diego State
39%
Midwest10Cincinnati
38%
Midwest13New Mexico State
37%
East9Temple
36%
West13La Salle
33%
West13Boise State
31%
East13Montana
30%
East14Davidson
27%
South13South Dakota State
27%
West11Belmont
26%
South12Akron
25%
East11Bucknell
25%
West16Southern
24%
Midwest16North Carolina A&T
23%
South16Western Kentucky
23%
Midwest15Albany
22%
West15Iona
21%
Midwest16Liberty
21%
Midwest11Middle Tennessee
19%
Midwest14Valparaiso
19%
East16James Madison
17%
East15Pacific
14%
South14Northwestern State
11%
East16Long Island
10%

Score Distribution

Percentile by Number Answered

Percent of People with Each Score

Your Score History

You have not taken this quiz